Study of Socio-psychological make-up of adolescents belonging to scheduled tribes (Tharu and Boksa) in Nanital district (Record no. 21487)

MARC details
000 -LEADER
fixed length control field 00700nam a2200181Ia 4500
082 ## - DEWEY DECIMAL CLASSIFICATION NUMBER
Classification number TV.0083
100 ## - MAIN ENTRY--AUTHOR NAME
Personal name Verma, Ram Swarup
245 #0 - TITLE STATEMENT
Title Study of Socio-psychological make-up of adolescents belonging to scheduled tribes (Tharu and Boksa) in Nanital district
260 ## - PUBLICATION, DISTRIBUTION, ETC. (IMPRINT)
Year of publication 1983
Name of publisher Kumaon University
300 ## - PHYSICAL DESCRIPTION
Number of Pages 249p. + C D -7
650 ## - SUBJECT ADDED ENTRY--TOPICAL TERM
Topical Term TRIBES AND TRIBALS - UTTAR PRADESH - NAINITAL DISTRICT
650 ## - SUBJECT ADDED ENTRY--TOPICAL TERM
Topical Term THARU (SOUTH ASIAN PEOPLE) - EDUCATION - UTTAR PRADESH - NAINITAL DISTRICT
650 ## - SUBJECT ADDED ENTRY--TOPICAL TERM
Topical Term ADOLESCENT PSYCHOLOGY
650 ## - SUBJECT ADDED ENTRY--TOPICAL TERM
Topical Term BOKSAS, THE - EDUCATION - UTTAR PRADESH - NAINITAL DISTRICT
650 ## - SUBJECT ADDED ENTRY--TOPICAL TERM
Topical Term THARUS//THARU (SOUTH ASIAN PEOPLE)
710 ## - ADDED ENTRY--CORPORATE NAME
Corporate name or jurisdiction name as entry element Mathur, S.S.
942 ## - ADDED ENTRY ELEMENTS (KOHA)
Koha item type Thesis
Source of classification or shelving scheme Dewey Decimal Classification
Holdings
Withdrawn status Lost status Damaged status Not for loan Home library Current library Date acquired Bill Date Full call number Accession Number Price effective from Koha item type
        NASSDOC Library NASSDOC Library 08/10/2004 2004-10-22 TV.0083 16986 18/04/2019 Thesis